| 000 | 01002nam a22001817a 4500 | ||
|---|---|---|---|
| 999 |
_c59036 _d59036 |
||
| 003 | Ge_BSU | ||
| 005 | 20221102163036.0 | ||
| 008 | 221102s2000 ge ||||| |||| 00| 0 geo d | ||
| 041 | _ageo | ||
| 080 | _a342.732 + 070 გ-23 | ||
| 100 |
_aგასერი, ჰანს-პეტერ _95330 |
||
| 245 |
_aჟურნალისტების დაცვა სახიფათო მივლინების დროს / _c ჰანს-პეტერ გასერი. საერთაშორისო ჰუმანიტარული სამართალი და ჟურნალისტების საქმიანობა. |
||
| 264 |
_aთბილისი : _bწითელი ჯვრის საერთაშორ. კომ. _c2000. |
||
| 300 |
_a29 გვ. ; _b20 სმ. |
||
| 653 | _a ჟურნალისტთა უფლებები | ||
| 653 | _a სახიფათო მივლინებები | ||
| 942 |
_2udc _cBK |
||